Normal view
MARC view
- Foundations
Entry Topical Term
001 - CONTROL NUMBER
- control field: 21251
003 - CONTROL NUMBER IDENTIFIER
- control field: NUST
005 - DATE AND TIME OF LATEST TRANSACTION
- control field: 20190924141649.0
008 - FIXED-LENGTH DATA ELEMENTS
- fixed length control field: 190924|| aca||aabn | a|a d
040 ## - CATALOGING SOURCE
- Original cataloging agency: NUST
- Transcribing agency: NUST
150 ## - HEADING--TOPICAL TERM
- Topical term or geographic name entry element: Foundations
- General subdivision: Design and construction.
670 ## - SOURCE DATA FOUND
- Source citation: Work cat.: (NUST)0: Vesić, Aleksandar Sedmak, 1924- 21248, Design of pile foundations /, 1977.
